Ahmadiyya Case (Record no. 8953)

MARC details
000 -LEADER
fixed length control field 00596nam a2200229 a 4500
020 ## - INTERNATIONAL STANDARD BOOK NUMBER
ISBN 0913321
082 00 - DEWEY DECIMAL CLASSIFICATION NUMBER
Classification number 297.86
Author Cutter MOH
100 ## - MAIN ENTRY--AUTHOR NAME
Author name Mohammad, Hafiz Sher
245 ## - TITLE STATEMENT
Title Ahmadiyya Case
Sub title Famous Religious Court Case in Cape Town Between Lahore
260 ## - PUBLICATION, DISTRIBUTION, ETC. (IMPRINT)
Place of publication Lahore
Name of publisher No Publisher
Year of publication 1987
300 ## - PHYSICAL DESCRIPTION
Number of Pages 358p
500 ## - GENERAL NOTE
General note includes index and biblioraphy
505 2# - FORMATTED CONTENTS NOTE
Formatted contents note Index
650 ## - SUBJECT ADDED ENTRY--TOPICAL TERM
Topical Term Ahmadiyyah
942 ## - ADDED ENTRY ELEMENTS (KOHA)
Koha item type Books
Holdings
Collection code Home library Current library Date acquired Cost, normal purchase price Full call number Accession Number Koha item type
  Henry Martyn Institute Library Henry Martyn Institute Library 07/02/2007 100.00 297.86 MOH 013871 Books
                   Copyright © 2026 | Henry Martyn Institute | Hyderabad | TS-500052 | INDIA | Implemented by hmi.edu.in
Hit-Count:

Powered by Koha